000 01603cad a22003135a 4500
001 L159275
008 110720s2016 xxk f 000 0 eng d
020 _a9781783211487
035 _a(Sirsi) u159275
041 0 _aeng
050 0 4 _a333.339
110 2 _aRoyal Institution of Chartered Surveyors
_94900
245 0 0 _aValuation of mineral-bearing land and waste management sites
_h[electronic resource]
250 _a2nd edition
260 _aLondon
_bRICS
_c2016
490 0 _aRICS Practice Standards, Global
490 0 _aRICS Professional Standard
490 0 _aRICS Guidance Note
520 _aIdentifies additional matters that valuers need to take into account when valuing natural resource wasting assets, such as mineral deposits, landfill and waste disposal sites.
520 _aSupersedes 1st edition (ISBN 978184219699).
520 _aThis document was originally published in April 2016 as an RICS guidance note and reissued in January 2023 as an RICS professional standard
590 _aKA NTK
650 2 4 _aRICS VALUATION STANDARDS
651 4 _aInternational
690 _aENVIRONMENTAL AND LAND CONSULTANCY-WASTE MANAGEMENT
856 4 0 _uhttps://www.rics.org/profession-standards/rics-standards-and-guidance/sector-standards/valuation-standards/valuation-of-mineral-bearing-land-and-waste-management-sites
_zView updated 2nd edition free on RICS.org
856 4 0 _uhttps://www.isurv.com/downloads/file/6824/valuation_of_mineral-bearing_land_and_waste_management_sites_2nd_edition
_zView as originally published on iSurv (subscription required)
942 _n0
_2ddc
999 _c115775
_d115775